000 00623nam a2200217Ia 4500
001 14635
003 GE_BSU
008 181216s||||||||xx |||||||||||||| ||und||
040 _cGE_BSU
080 _a821.133.1-31+821.353.1-32
100 _aშენგელაია,დემნა
245 _aრჩეული
245 _cრედ.რ.სირაძე
250 _aმე–2 გამოც.
260 _aთბილისი
260 _bსაბჭოთა საქართველო
260 _c1983
300 _a486გვ.ილ.22სმ.
653 _aრჩეული
942 _cBK
999 _c47763
_d47763